Toxicidade reprodutiva do extrato hidroalcóolico de Samanea tubulosa Benth em ratas wistar (Registro n. 300004)
[ somente texto ]
| 000 -LÍDER | |
|---|---|
| fixed length control field | 03484nab a2200313 i 4500 |
| 003 - CÓDIGO MARC DA AGÊNCIA CATALOGADORA | |
| Campo de controle | BR-BrBNA |
| 005 - DATA E HORA DA ÚLTIMA ATUALIZAÇÃO | |
| Campo de controle | 20240611111334.0 |
| 008 - CAMPO DE TAMANHO FIXO | |
| fixed length control field | 240611b2015 bl.qr|pooa||| 00| 0 por | |
| 040 ## - FONTE DA CATALOGAÇÃO | |
| Agência catalogadora | BR-BrBNA |
| Idioma da catalogação | por |
| 072 ## - CATEGORIA AGRIS | |
| Código AGRIS | F60 |
| 100 ## - ENTRADA PRINCIPAL - NOME PESSOAL | |
| Nome pessoal | Sales, P.A.B. |
| 100 ## - ENTRADA PRINCIPAL - NOME PESSOAL | |
| Nome pessoal | Oliveira, J.M.G. |
| 100 ## - ENTRADA PRINCIPAL - NOME PESSOAL | |
| Nome pessoal | Moura, E.R. |
| 100 ## - ENTRADA PRINCIPAL - NOME PESSOAL | |
| Nome pessoal | Sousa, M.R.S.C. |
| 100 ## - ENTRADA PRINCIPAL - NOME PESSOAL | |
| Nome pessoal | Silva, I.R. |
| 100 ## - ENTRADA PRINCIPAL - NOME PESSOAL | |
| Nome pessoal | Costa, T.N. |
| 100 ## - ENTRADA PRINCIPAL - NOME PESSOAL | |
| Nome pessoal | Costa, A.P.R. |
| 245 ## - TÍTULO PRINCIPAL | |
| Título principal | Toxicidade reprodutiva do extrato hidroalcóolico de Samanea tubulosa Benth em ratas wistar |
| 500 ## - NOTA GERAL | |
| Nota geral | Publicação on-line; 10 ref.; 3 tables; 4 illus.; Summaries (En, Pt) |
| 942 ## - ADDED ENTRY ELEMENTS (KOHA) | |
| Koha item type | |
| 520 ## - NOTA DE RESUMO | |
| Nota de conteúdo | <br/><br/>RESUMO: <br/><br/>O objetivo deste trabalho foi avaliar possíveis efeitos do extrato das vargens de<br/>bordão-de-velho (Samanea tubulosa benth) sobre a reprodução em ratas Wistar. O extrato foi<br/>preparado a partir da secagem e trituração das vagens, seguida por maceração com etanol<br/>e, posteriormente, concentrado em rotavapor. Ratas Wistar gestantes foram tratadas com 75<br/>mg.100g-1 de peso corporal de extrato de S. tubulosa e o grupo controle recebeu 1ml/100g-1 de<br/>peso corporal de solução salina por gavagem durante 19 dias. Após eutanásia no 20º dia, as<br/>seguintes variáveis foram analisadas: peso corporal fetal, peso dos fetos e placentas, número<br/>de corpos lúteos e de reabsorções, implantação, fetos vivos e mortos. O extrato de vagens de<br/>S. tubulosa apresenta toxicidade para o feto causando malformações, reabsorções fetais e<br/>diminuição pronunciada do peso ao nascer. Contudo, o extrato de vagens de S. tubulosa não<br/>influencia no número de corpos lúteos e número de implantações.<br/><br/>Palavras-chave: Plantas tóxicas, malformação, potencial tóxico |
| 520 ## - NOTA DE RESUMO | |
| Nota de conteúdo | <br/><br/>ABSTRACT: <br/><br/>Reproductive toxicity study in Wistar rats treated with hydroalcoholic extract<br/>of the pods of bordão-de-velho (Samanea tubulosa Benth).The aim of this study was to<br/>evaluate possible effects of pods from bordão-de-velho (Samanea tubulosa benth) extract on<br/>the reproduction of female rats.The extract was prepared by maceration wtith ethanol of dried<br/>and crushed pods, then it was concentrated in rotary evaporator. The pregnant Wistar rats were<br/>treated with a dose of 75 mg.100 g-1of body weight of Samanea tubulosa extract, by gavage<br/>, whereas the control group received 1ml.100g-1of saline by the same route for 19 days. After<br/>the euthanasia of the animals at day 20th,the following variables were analyzed: fetal body<br/>weight, weight of fetuses and placentas, number of corpora lutea, resorption points, live and<br/>dead fetuses and number of embryonic implantations. The extract from S. tubulosa pods, at<br/>the dose studied, showed toxicity causing fetal abnormalities, fetal resorption and pronounced<br/>decrease in the weight of offspring at birth. On the other hand, , the treatment with extract of S.<br/>tubulosa pods had no influence over corpora lutea and implantation numbers.<br/><br/>Key words:Toxic plants, malformation, potential toxic. |
| 650 ## - ASSUNTO - THESAGRO | |
| Cabeçalho tópico ou nome geográfico | PLANTA TÓXICA |
| 650 ## - ASSUNTO - THESAGRO | |
| Cabeçalho tópico ou nome geográfico | MALFORMAÇÃO |
| 650 ## - ASSUNTO - THESAGRO | |
| Cabeçalho tópico ou nome geográfico | TOXIDEZ |
| 773 0# - ENTRADA ANALÍTICA | |
| Host Biblionumber | 3543 |
| Registro do item | 315781 |
| Imprenta | Botucatu-SP Instituto de Biociências - Departamento de Química e Bioquímica 1998 |
| Outro identificador | 2024-2143 |
| Título | Revista Brasileira de Plantas Medicinais (Brazil) |
| ISSN | 1516-0572 |
| Colação | v. 17(4) p. 599-603; (2015) |
| Número de controle de registro | BR2024001385 |
| 856 ## - ACESSO E ENDEREÇO ELETRÔNICO | |
| Identificador uniforme de recurso - URI | https://www.scielo.br/j/rbpm/a/zxTNbBtgXqzh3fZ87hgtLFH/?format=pdf&lang=pt |
Nenhum exemplar disponível.

BINAGRI